| 000 | 00520nam a2200181Ia 4500 | ||
|---|---|---|---|
| 008 | 151213s9999 xx 000 0 und d | ||
| 020 | _a948-70146-0002-4 | ||
| 082 |
_a658.3 _b658.3 |
||
| 100 | _aDr.Abdul Awal Khan /Dr. M.A. Taher | ||
| 245 |
_aHuman Resource Management and Industrial Relations _cDr.Abdul Awal Khan /Dr. M.A. Taher |
||
| 250 | _a3rd | ||
| 260 |
_aDhaka _c2009 |
||
| 300 | _a9700 p. | ||
| 650 | _aManagement | ||
| 650 | _aManagement | ||
| 700 | _aDr.Abdul Awal Khan /Dr. M.A. Taher | ||
| 999 |
_c4793 _d4793 |
||